Letras de la Nueva España / (Record no. 10861)

MARC details
000 -LEADER
campo de control de longitud fija 00826nam a22002535i 4500
001 - NÚMERO DE CONTROL
campo de control 10861
003 - IDENTIFICADOR DE NÚMERO DE CONTROL
campo de control ES-MaACL
005 - FECHA Y HORA DE LA ÚLTIMA TRANSACCIÓN
campo de control 20250809051516.0
007 - CAMPO FIJO DE DESCRIPCIÓN FÍSICA--INFORMACIÓN GENERAL
campo de control de longitud fija t|
008 - DATOS DE LONGITUD FIJA--INFORMACIÓN GENERAL
campo de control de longitud fija 921019s1992 sp ||||0| spa j
020 ## - NÚMERO INTERNACIONAL ESTÁNDAR DEL LIBRO
Número Internacional Estándar del Libro 84-7600-760-4
040 ## - FUENTE DE CATALOGACIÓN
Centro catalogador/agencia de origen M-BN
Lengua de catalogación spa
Centro/agencia transcriptor M-BN
080 ## - NÚMERO DE LA CLASIFICACIÓN DECIMAL UNIVERSAL
Número de la Clasificación Decimal Universal 860(7/8).09
100 1# - ENTRADA PRINCIPAL--NOMBRE DE PERSONA
Nombre de persona Sainz de Medrano, Luis.
9 (RLIN) 101591
245 10 - MENCIÓN DEL TÍTULO
Título Letras de la Nueva España /
Mención de responsabilidad, etc. Luis Sainz de Medrano Arce.
260 ## - PUBLICACIÓN, DISTRIBUCIÓN, ETC.
Lugar de publicación, distribución, etc. Torrejón de Ardoz, Madrid :
Nombre del editor, distribuidor, etc. Akal,
Fecha de publicación, distribución, etc. D.L. 1992.
300 ## - DESCRIPCIÓN FÍSICA
Extensión 54 p :
Otras características físicas il. col. y n ;
Dimensiones 24 cm.
490 1# - MENCIÓN DE SERIE
Mención de serie Akal Las Américas. Literatura ;
Designación de volumen o secuencia 44
504 ## - NOTA DE BIBLIOGRAFÍA, ETC.
Nota de bibliografía, etc. Bibliografía: p. 54.
650 14 - PUNTO DE ACCESO ADICIONAL DE MATERIA--TÉRMINO DE MATERIA
Término de materia o nombre geográfico como elemento de entrada Literatura hispanoamericana-
Subdivisión general Historia y crítica.
9 (RLIN) 14606
830 00 - PUNTO DE ACCESO ADICIONAL DE SERIE-TÍTULO UNIFORME
Título uniforme Akal.
Nombre de parte o sección de la obra Las Américas
Designación de volumen o secuencia 44
9 (RLIN) 231693
852 ## - LOCALIZACIÓN
Ubicación ES-MaACL
Número de control de estantería L-18196
Sublocalización o colección R.123441
Holdings
Estatus retirado Estado de pérdida Estado de daño No para préstamo Biblioteca de origen Biblioteca actual Ubicación en estantería Fecha de adquisición Fuente de adquisición Total de préstamos Signatura topográfica completa Código de barras Visto por última vez Precio de reemplazo Tipo de ítem Koha
        Biblioteca del Ateneo de Madrid Biblioteca del Ateneo de Madrid Depósito 2 17/01/2008     L-18196 1011079 23/02/2023 23/02/2023 Libro impreso